Nábytok do detskej izby

Saved in:
Bibliographic Details
Main Author: Waszczuková, Zuzana (Author)
Other Authors: Nagy, Tomáš, 1978- (Thesis advisor)
Format: Manuscript Book
Language:Slovak
Published: Bratislava 2015
Subjects:
Online Access:http://is.stuba.sk/zp/portal_zp.pl?podrobnosti=94089
Tags: Add Tag
No Tags, Be the first to tag this record!

MARC

LEADER 00000ntm a22000003a 4500
001 stuzp53459
003 SK-STU
005 20210302111218.4
007 ta
008 150427s2015----xo-----f-mn---000-0-slo-d
040 |a STU  |b slo 
041 0 |a slo 
100 1 |a Waszczuková, Zuzana  |u 059190  |4 aut  |U FAD Fakulta architektúry  |T FA Ústav dizajnu  |X 62153  |U A9190  |Y 400  |7 A000062153 
242 0 1 |a Furniture for children's rooms  |y eng 
245 1 0 |a Nábytok do detskej izby 
260 |c 2015  |a Bratislava 
650 4 |a chodúľka  |2 slo 
650 4 |a komfort  |2 slo 
650 4 |a detský nábytok  |2 slo 
650 4 |a batoľa  |2 slo 
650 4 |a pohyb  |2 slo 
650 4 |a sedenie  |2 slo 
650 4 |a stravovanie sa  |2 slo 
650 4 |a stolička  |2 slo 
650 4 |a multifunkčnosť  |2 slo 
650 4 |a matka  |2 slo 
650 4 |a toddler  |2 eng 
650 4 |a children furniture  |2 eng 
650 4 |a movement  |2 eng 
650 4 |a baby walker  |2 eng 
650 4 |a sitting  |2 eng 
650 4 |a eating  |2 eng 
650 4 |a chair  |2 eng 
650 4 |a multi-functionality  |2 eng 
650 4 |a comfort  |2 eng 
650 4 |a mother  |2 eng 
700 1 |a Nagy, Tomáš,  |d 1978-  |4 ths  |X 38275  |7 A000038275 
856 4 |u http://is.stuba.sk/zp/portal_zp.pl?podrobnosti=94089  |u https://opac.crzp.sk/?fn=detailBiblioForm&sid=367CD704F5D5570C75E5F0DE3652 
SQL |a stuzp53459  |b DBP  |c SLO  |d Nábytok do detskej izby  |e 62153  |f Waszczuková, Zuzana  |g 059190  |h 38275  |i Nagy, Tomáš  |j 20150612  |k 150  |l 05  |m http://is.stuba.sk/zp/portal_zp.pl?podrobnosti=94089  |n B-DV  |o 2.2.6. dizajn